00389 2200157 4500001002100000005001500021035002000036245005700056100001900113300001200132260003100144082000800175084001400183020002200197990001200219INLIS00000000000165120250429083819 a0010-04250000671 aKesalahan - Kesalahan Dalam Shalat /cAgus Taufik R.0 aAgus Taufik R. a220 hlm aJakarta :bBelanoor,c2011 a297 a297 AGU k a978-602-9185-06-5 a0754687